| 000 | 00662cam a22002411 4500 | ||
|---|---|---|---|
| 001 | sa 67004628 | ||
| 003 | DLC | ||
| 005 | 20260227112349.0 | ||
| 008 | 920218s1966 ii b 000 0 maro | ||
| 010 | _asa 67004628 | ||
| 035 | _a(OCoLC)25294636 | ||
| 040 |
_aDLC _cWaU _dDLC |
||
| 042 | _apremarc | ||
| 050 | 0 | 0 |
_aPN709.M3 _bW3 |
| 100 | 1 |
_aVāḷimbe, Rā. Śã. _q(Rāmacandra Śaṅkara), _d1911- |
|
| 245 | 1 | 0 | _aSāhityātīla sampradāya. |
| 260 | _c[1966] | ||
| 300 |
_a15, 489 p. _c23 cm. |
||
| 500 | _aIn Marathi. | ||
| 504 | _aBibliography: p. [468]-474. | ||
| 650 | 0 |
_aLiterature, Modern _xHistory and criticism. |
|
| 650 | 0 | _aIndic literature. | |
| 999 |
_c74637 _d74637 |
||